书目信息 |
| 题名: |
美与科学革命
|
|
| 作者: | 麦卡里斯特 , McAllister 著 ;李为 译 | |
| 分册: | ||
| 出版信息: | 长春 吉林人民出版社 2005 |
|
| 页数: | 295页 | |
| 开本: | 20cm | |
| 丛书名: | 大美译丛 | |
| 单 册: | ||
| 中图分类: | B832.1 | |
| 科图分类: | ||
| 主题词: | 科学美学--研究 , 科学美学 | |
| 电子资源: | ||
| ISBN: | 7-206-03537-X | |
| 000 | 01114oam2 2200337 45 | |
| 001 | 01200620000059 | |
| 005 | 20070709080841.15 | |
| 010 | @a7-206-03537-X@dCNY25.00 | |
| 092 | @aCN@b489170 | |
| 100 | @a20060329d2005 em y0chiy0110 ea | |
| 101 | 1 | @achi@ceng |
| 102 | @aCN@b220000 | |
| 105 | @ay z 001yy | |
| 200 | 1 | @a美与科学革命@9mei yu ke xue ge ming@f(英)詹姆斯·W·麦卡里斯特(James W.McAllister)著@g李为译 |
| 205 | @a2版 | |
| 210 | @a长春@c吉林人民出版社@d2005 | |
| 215 | @a295页@d20cm | |
| 225 | 2 | @a大美译丛 |
| 300 | @a据Comell University Press 1996年版译出 | |
| 320 | @a有书目(第268~295页) | |
| 330 | @a本书探讨了“审美偏好的归纳结构”,提出了“审美归纳程式”,并以此为基础探讨了科学理论的美与真的关系、经验标准与审美标准关系等。 | |
| 461 | 0 | @12001 @a大美译丛 |
| 510 | 1 | @aBeauty & Revolution in Science@zeng |
| 606 | 0 | @a科学美学@x研究 |
| 606 | 0 | @a科学美学 |
| 690 | @aB832.1@v4 | |
| 701 | 1 | @a麦卡里斯特@9mai ka li si te@bJ.W.@4著 |
| 701 | 1 | @aMcAllister@bJames W.@4著 |
| 702 | 0 | @a李为@9li wei@4译 |
| 801 | 0 | @aCN@bLZJBOOK@c20070709 |
| 905 | @a10447@dB832.1@e249=2 | |
| 美与科学革命/(英)詹姆斯·W·麦卡里斯特(James W.McAllister)著/李为译.-2版.-长春:吉林人民出版社,2005 |
| 295页;20cm.-(大美译丛) |
| 据Comell University Press 1996年版译出 |
| ISBN 7-206-03537-X:CNY25.00 |
| 本书探讨了“审美偏好的归纳结构”,提出了“审美归纳程式”,并以此为基础探讨了科学理论的美与真的关系、经验标准与审美标准关系等。 |
| ● |
| 相关链接 |
|
|
|
|
正题名:美与科学革命
索取号:B832.1/249=2
 
预约/预借
| 序号 | 登录号 | 条形码 | 馆藏地/架位号 | 状态 | 备注 |
| 1 | 0562730 | 205627302 | 第一样本阅览室/ [索取号:B832.1/249=2] | 在馆 | |
| 2 | 0562731 | 205627311 | 第一借阅区/ [索取号:B832.1/249=2] | 在馆 | |
| 3 | 0562732 | 205627320 | 密集书库/ [索取号:B832.1/249=2] | 在馆 | |
| 4 | 0562733 | 205627339 | 第一借阅区/ [索取号:B832.1/249=2] | 在馆 | |
| 5 | 0562734 | 205627348 | 第一借阅区/ [索取号:B832.1/249=2] | 在馆 | |
| 6 | 0562735 | 205627357 | 密集书库/ [索取号:B832.1/249=2] | 在馆 | |
| 7 | 0562736 | 205627366 | 第一借阅区/ [索取号:B832.1/249=2] | 在馆 | |
| 8 | 0562737 | 205627375 | 密集书库/ [索取号:B832.1/249=2] | 在馆 |